000
00286nam a2200133Ia 4500
100
_a
Rieger H
650
_a
Automobiles
942
_c
BK
654
_a
Induction
245
_a
Induction & Sef- induction
260
_b
Wiley eastern
_a
New Delhi
_c
1991
546
_a
ENGLISH
999
_c
32581
_d
32581